000 00270nam a22001337a 4500
003 SGT
082 _a658
_bB93G
100 _aGHOSH,P.K
245 _aBUSINESS POLICY
260 _aNEW DELHI
_bSULTAN CHAND
_c1993
300 _a545
650 _aPHARMACY
942 _2ddc
_cBK
999 _c11228
_d11228